|
|
|
|
| LEADER |
00807nam a22002412a 4500 |
| 001 |
000804684 |
| 003 |
CZ BrMZK |
| 005 |
20060109094407.0 |
| 007 |
ta |
| 008 |
060109s1970 xr er|||||||||||cze d |
| 040 |
|
|
|a BOA001
|b cze
|
| 041 |
0 |
|
|a cze
|
| 100 |
1 |
|
|a Špachta, Leoš
|7 jk01130835
|4 ill
|
| 245 |
1 |
0 |
|a Stará česká auta - Tatra 12 /
|c Leoš Špachta ; textem doprovází Alexandra Herrmannová
|
| 260 |
|
|
|a Praha :
|b Albatros,
|c 1970
|
| 300 |
|
|
|a 1 slož. list
|
| 490 |
1 |
|
|a Plastické vystřihovánky
|
| 700 |
1 |
|
|a Herrmannová, Alexandra
|7 jk01040886
|4 aut
|
| 830 |
|
0 |
|a Plastické vystřihovánky
|
| 910 |
|
|
|a BOA001
|b PK-N-0013.411
|
| 964 |
|
|
|a Automobily : Tatra - vystřihovánky
|
| 990 |
|
|
|a BK
|
| 996 |
6 |
|
|b 3119656671
|c PK-N-0013.411
|l MZK
|r Sklad / do 1 hodiny
|n 4
|w 000804684
|u 000010
|a 1
|e BOA001
|j MZK50
|s P
|